000 00773cam a2200241 a 4500
001 3071600
005 20180110084208.0
008 970724s1997 nyu b 001 0 eng
010 _a 97029037
020 _a0824209184
040 _aDLC
_cDLC
_dDLC
041 _aeng
043 _an-us---
080 _aR 306.0973 LON
082 0 0 _aR 306.0973 LON
_221
100 _a26
101 _aSOC
245 0 0 _aMulticulturalism /
_cedited by Robert Emmet Long.
504 _aIncludes bibliographical references (p. 161-170) and index.
906 _a7
_bcbc
_corignew
_d1
_eocip
_f19
_gy-gencatlg
942 _2ddc
_cBK
999 _c40047
_d40047